| 000 | 00536nam a22001931a 4500 | ||
|---|---|---|---|
| 001 | 985 | ||
| 003 | OSt | ||
| 005 | 20260204211717.0 | ||
| 008 | 040115s1994||||sp ||||||b||||||||||spa|| | ||
| 020 | _a8448119999 | ||
| 050 | _a338.5 M323a | ||
| 082 | _a338.5 M323a | ||
| 100 | _aMaría O. Kean, José | ||
| 245 | _aAnálisis del entorno económico de los negocios: una introducción a la macroeconomía / José María O. Kean | ||
| 264 | _aEspaña : McGraw-Hill | ||
| 300 | _a268 p. | ||
| 650 | _a1.Economía-NegocioÌ | ||
| 942 |
_2ddc _cBK |
||
| 999 |
_c985 _d985 |
||